Statistiche per Città secondarie n°1

Clicka qui per fare il quiz!

Statistiche generali

  • Questo quiz è stato fatto 88 volte
  • Il punteggio medio è 6 su 16

Statistiche sulle risposte

2 a cittàPaesi% Corretto
MarsigliaFrancia
97%
MontrealCanada
94%
Tel AvivIsraele
94%
TessalonicaGrecia
89%
FèsMarocco
62%
EspooFinlandia
44%
TartuEstonia
41%
KanoNigeria
35%
Subang JayaMalesia
30%
El AltoBolivia
23%
ZarqaGiordiania
16%
SokodéTogo
9%
Santa AnaEl Salvador
8%
GitaramaRuanda
4%
Addu CityMaldive
1%
BitolaMacedoine
0%

Distribuzione punteggi

Percentile per numero di risposta

Percentuale di utenti per punteggio

I tuoi punteggi nel tempo

Non hai fatto questo quiz